{"text_format":"3","workbook":"xlsx","n_sheets":1,"sheets":["Предмет"],"not_rendered":{"defined_names":8},"read":"whole","date_system":"1900"}

{"sheet":"Предмет","index":0,"n_rows":58,"n_cols":16,"rows_kept":58}
["№","СНИЛС","Фамилия","Имя","Отчество","Пол","Дата рождения","Участник с ОВЗ","Класс","Класс участия","Балл","Макс. Балл","Статус","Призер МЭ прошлого года","Учитель","Место работы учителя"]
[1,2,3,4,5,6,7,8,9,10,11,12,13,14,15,16]
[1,17614006953,"Салахов","Карим","Ниязович","м","2013-03-17",null,5,5,52,100,"победитель",null,"Завалина Татьяна Ивановна","школа28"]
[2,17884263827,"Шарушева","Алина","Рустамовна","ж","2013-10-15",null,5,5,45,100,"участник",null,"Завалина Татьяна Ивановна","школа28"]
[3,17707723189,"Кадырова","Рузалия","Ильдаровна","ж","2013-06-06",null,5,5,44,100,"участник",null,"Завалина Татьяна Ивановна","школа28"]
[4,17642788310,"Сафина","Ралина","Рустамовна","ж","2013-04-15",null,5,5,40,100,"участник",null,"Завалина Татьяна Ивановна","школа28"]
[5,17671804093,"Кузнецов","Иван","Евгеньевич","м","2013-04-24",null,5,5,35,100,"участник",null,"Завалина Татьяна Ивановна","школа28"]
[6,17681311278,"Волченков","Иван","Александрович","м","2013-05-17",null,5,5,34,100,"участник",null,"Завалина Татьяна Ивановна","школа28"]
[7,17512234444,"Муравьев","Артур","Вячеславович","м","2013-01-08",null,5,5,33,100,"участник",null,"Завалина Татьяна Ивановна","школа28"]
[8,17781816214,"Григорьев","Кирилл","Денисович","м","2013-07-24",null,5,6,30,100,"участник",null,"Завалина Татьяна Ивановна","школа28"]
[9,16981788039,"Тухфиев","Наиль","Ильсурович","м","2011-12-19",null,6,6,50,100,"призер",null,"Завалина Татьяна Ивановна","школа28"]
[10,17327734582,"Комиссарова","Анна","Игоревна","ж","2012-07-19",null,6,6,44,100,"участник",null,"Завалина Татьяна Ивановна","школа28"]
[11,17464227379,"Шайхутдинова","Зарина","Гамировна","ж","2012-01-26",null,6,6,40,100,"участник",null,"Завалина Татьяна Ивановна","школа28"]
[12,17247645891,"Евдокимов","Кирилл","Алексеевич","м","2012-06-01",null,6,6,37,100,"участник",null,"Завалина Татьяна Ивановна","школа28"]
[13,17228550772,"Адиев","Амаль","Альбертович","м","2012-05-11",null,6,6,33,100,"участник",null,"Завалина Татьяна Ивановна","школа28"]
[14,17182250860,"Зайцев","Кирилл","Игоревич","м","2012-04-18",null,6,7,61,100,"победитель",null,"Завалина Татьяна Ивановна","школа28"]
[15,16957866146,"Шакурова","Залина","Ленаровна","ж","2011-12-02",null,6,7,60,100,"призер",null,"Завалина Татьяна Ивановна","школа28"]
[16,16367252883,"Искандаров","Фирдавс","Косимжонович","м","2010-12-06",null,7,7,54,100,"участник",null,"Завалина Татьяна Ивановна","школа28"]
[17,17858195232,"Сухорукова","Ульяна","Дмитриевна","ж","2013-09-30",null,5,7,53,100,"участник",null,"Завалина Татьяна Ивановна","школа28"]
[18,16626816794,"Никитенко","Анастасия","Максимовна","ж","2011-04-25",null,7,7,50,100,"участник",null,"Завалина Татьяна Ивановна","школа28"]
[19,16369138390,"Кузнецов","Кирилл","Евгеньевич","м","2010-12-10",null,7,7,43,100,"участник",null,"Завалина Татьяна Ивановна","школа28"]
[20,16372946695,"Тарасова","Александра","Максимовна","ж","2010-12-25",null,7,7,38,100,"участник",null,"Завалина Татьяна Ивановна","школа28"]
[21,16516587590,"Касимова","Нафиса","Рафаэлевна","ж","2011-03-07",null,7,7,36,100,"участник",null,"Завалина Татьяна Ивановна","школа28"]
[22,17196449202,"Филиппова","Анжела","Николаевна","ж","2011-09-20",null,7,7,30,100,"участник",null,"Завалина Татьяна Ивановна","школа28"]
[23,16372167671,"Сухоруков","Матвей","Дмитриевич","м","2011-01-05",null,7,7,29,100,"участник",null,"Завалина Татьяна Ивановна","школа28"]
[24,16674856018,"Мухаметгасимова","Алина","Айнуровна","ж","2011-04-12",null,7,7,28,100,"участник",null,"Завалина Татьяна Ивановна","школа28"]
[25,16396997138,"Старостин","Никита","Константинович","м","2001-01-15",null,7,7,26,100,"участник",null,"Завалина Татьяна Ивановна","школа28"]
[26,16266129670,"Кырганова","Виктория","Александровна","ж","2010-10-14",null,8,8,52,100,"победитель",null,"Завалина Татьяна Ивановна","школа28"]
[27,16807823394,"Хасанова","Нэлли","Тимуровна","ж","2010-07-09",null,8,8,40,100,"участник",null,"Завалина Татьяна Ивановна","школа28"]
[28,15816286084,"Абдуллаева","Арина","Ильясовна","ж","2010-02-21",null,8,8,38,100,"участник",null,"Завалина Татьяна Ивановна","школа28"]
[29,15689923838,"Горин","Дмитрий","Сергеевич","м","2009-11-28",null,8,8,36,100,"участник",null,"Завалина Татьяна Ивановна","школа28"]
[30,15894049007,"Никитенко","Роман","Максимович","м","2010-02-10",null,8,8,35,100,"участник",null,"Завалина Татьяна Ивановна","школа28"]
[31,16246211845,"Петров","Данил","Артемович","м","2010-07-19",null,8,8,33,100,"участник",null,"Завалина Татьяна Ивановна","школа28"]
[32,16126356549,"Усынин","Кирилл","Алексеевич","м","2010-06-23",null,8,8,31,100,"участник",null,"Завалина Татьяна Ивановна","школа28"]
[33,15633566477,"Погодин","Кирилл","Вячеславович","м","2009-10-12",null,8,8,30,100,"участник",null,"Завалина Татьяна Ивановна","школа28"]
[34,16492516891,"Клюкина","Кристина","Эдуардовна","ж","2010-08-09",null,8,8,29,100,"участник",null,"Завалина Татьяна Ивановна","школа28"]
[35,15652087674,"Скрицкая","Виолета","Александровна","ж","2009-10-13",null,8,8,28,100,"участник",null,"Завалина Татьяна Ивановна","школа28"]
[36,15632049755,"Орлова","Виктория","Александровна","ж","2009-07-20",null,9,9,65,100,"победитель",null,"Завалина Татьяна Ивановна","школа28"]
[37,15809931904,"Файдров","Нурислам","Радикович","м","2009-04-26",null,9,9,64,100,"призер",null,"Завалина Татьяна Ивановна","школа28"]
[38,15780654597,"Калмыкова","Ильвина","Артемовна","ж","2008-12-05",null,9,9,63,100,"призер",null,"Завалина Татьяна Ивановна","школа28"]
[39,15757795329,"Трофимов","Ярослав","Сергеевич","м","2008-12-01",null,9,9,62,100,"призер",null,"Завалина Татьяна Ивановна","школа28"]
[40,15581178885,"Антонов","Никита","Сергеевич","м","2009-02-28",null,9,9,60,100,"участник",null,"Завалина Татьяна Ивановна","школа28"]
[41,15749136394,"Кушаев","Фаиль","Ильнарович","м","2009-09-08",null,9,9,55,100,"участник",null,"Завалина Татьяна Ивановна","школа28"]
[42,17718391403,"Максимов","Никита","Денисович","м","2009-02-24",null,9,9,54,100,"участник",null,"Завалина Татьяна Ивановна","школа28"]
[43,17435832686,"Степанова","Олеся","Евгеньевна","ж","2008-12-26",null,9,9,53,100,"участник",null,"Завалина Татьяна Ивановна","школа28"]
[44,16649758126,"Худякова","Александра","Евгеньевна","ж","2008-11-21",null,9,9,51,100,"участник",null,"Завалина Татьяна Ивановна","школа28"]
[45,15380045342,"Мухаметханова","Ильзира","Руслановна","ж","2009-01-05",null,9,9,50,100,"участник",null,"Завалина Татьяна Ивановна","школа28"]
[46,16371485983,"Буткова","Ксения","Андреевна","ж","2009-02-06",null,9,9,48,100,"участник",null,"Завалина Татьяна Ивановна","школа28"]
[47,15411924441,"Андреева","Полина","Евгеньевна","ж","2009-02-16",null,9,9,47,100,"участник",null,"Завалина Татьяна Ивановна","школа28"]
[48,14969691743,"Бердников","Роман","Владимирович","м","2008-03-01",null,10,10,60,100,"победитель",null,"Завалина Татьяна Ивановна","школа28"]
[49,15167560569,"Шуклин","Александр","Дмитриевич","м","2008-01-24",null,10,10,55,100,"участник",null,"Завалина Татьяна Ивановна","школа28"]
[50,16143224832,"Тараторин","Данил","Валентинович","м","2008-01-31",null,10,10,54,100,"участник",null,"Завалина Татьяна Ивановна","школа28"]
[51,15919070083,"Шакурова","Ралина","Ленаровна","ж","2008-04-26",null,10,10,50,100,"участник",null,"Завалина Татьяна Ивановна","школа28"]
[52,15803227956,"Мапин","Никита","Дмитриевич","м","2008-02-08",null,10,10,45,100,"участник",null,"Завалина Татьяна Ивановна","школа28"]
[53,15258249979,"Сагутдинов","Айзат","Ниязович","м","2008-08-20",null,10,10,44,100,"участник",null,"Завалина Татьяна Ивановна","школа28"]
[54,17732498302,"Казанцев","Данил","Андреевич","м","2008-03-13",null,10,10,42,100,"участник",null,"Завалина Татьяна Ивановна","школа28"]
[55,15996920036,"Гилазутдинов","Данис","Альбертович","м","2008-06-08",null,10,10,43,100,"участник",null,"Завалина Татьяна Ивановна","школа28"]
[56,15597143902,"Васильев","Богдан","Ильнурович","м","2008-10-31",null,10,10,40,100,"участник",null,"Завалина Татьяна Ивановна","школа28"]